| 000 | 00664cam a2200229 4500 | ||
|---|---|---|---|
| 001 | sa 68012370 | ||
| 003 | DLC | ||
| 005 | 20260227112609.0 | ||
| 008 | 691028s1968 ii a 000 0beng | ||
| 010 | _asa 68012370 | ||
| 025 | _aPL480:P-E-1443 | ||
| 040 |
_aDLC _cDLC _dDLC _dOCoLC |
||
| 050 | 0 | 0 |
_aBP75 _b.A514 1968 |
| 082 | 0 | 0 |
_a297/.63 _aB |
| 100 | 1 | _aAhmad, Fazl. | |
| 245 | 1 | 0 |
_aMeet the master; _ba short life sketch of Muhammad, the saviour, with a brief appraisal of his message. |
| 250 | _aRev. ed. | ||
| 260 |
_aLahore, _bQaumi Kutub Khana _c[1968] |
||
| 300 |
_a224 p. _billus. _c19 cm. |
||
| 350 | _a5.00 | ||
| 600 | 0 | 0 |
_aMuḼammad, _cProphet, _d-632. |
| 999 |
_c84491 _d84491 |
||